ბათუმის შოთა რუსთაველის სახელმწიფო უნივერსიტეტის ბიბლიოთეკა

This Motoring. Being the romantic Story of the Automobile Association (ბიბ.ჩანაწერი № 47584)

000 -LEADER
fixed length control field 00480nam a2200181Ia 4500
001 - CONTROL NUMBER
control field 14451
003 - CONTROL NUMBER IDENTIFIER
control field GE_BSU
008 - FIXED-LENGTH DATA ELEMENTS--GENERAL INFORMATION
fixed length control field 181216s||||||||xx |||||||||||||| ||und||
040 ## - CATALOGING SOURCE
Transcribing agency GE_BSU
080 ## - UNIVERSAL DECIMAL CLASSIFICATION NUMBER
Universal Decimal Classification number 821.111-3
100 ## - MAIN ENTRY--PERSONAL NAME
Personal name Cooke,Ctenson
245 ## - TITLE STATEMENT
Title This Motoring. Being the romantic Story of the Automobile Association
260 ## - PUBLICATION, DISTRIBUTION, ETC.
Place of publication, distribution, etc. London
300 ## - PHYSICAL DESCRIPTION
Extent 268p.18cm.
653 ## - INDEX TERM--UNCONTROLLED
Uncontrolled term Being the romantic Story of the Automobile Association
653 ## - INDEX TERM--UNCONTROLLED
Uncontrolled term This Motoring
942 ## - ADDED ENTRY ELEMENTS (KOHA)
Koha item type წიგნი
ეგზემპლარები
Withdrawn status Lost status Damaged status Not for loan Date acquired Barcode Date last seen Price effective from Koha item type
        2018-12-17 37209 2018-12-17 2018-12-17 წიგნი